Diseño de un pozo para suministro de agua potable en el Municipio de Nandaime departamento de Granada
Presenta un diseño de un pozo para suministro de agua potable en el municipio de Nandaime departamento de Granada. El objetivo del proyecto es ampliar la cobertura del servicio del agua potable ya que actualmente el 60 % recibe el servicio al día con este diseño de pozo, se pretende brindar una s...
| Main Authors: | , , |
|---|---|
| Other Authors: | |
| Format: | Tesis Section = Libro |
| Language: | Undetermined Spanish |
| Published: |
Managua
UNI-IES
2016
|
| Subjects: |
| LEADER | 01268nam a2200277Ia 4500 | ||
|---|---|---|---|
| 008 | 240830s9999 xx 000 0 und d | ||
| 040 | |a BIBLIOTECA-RUPAP Mon 628.72 S511 | ||
| 041 | |a spa | ||
| 082 | |a Mon 628.72 S511 | ||
| 100 | 1 | |a Sevilla Herrera, Xochil Gricell | |
| 100 | 1 | |b Gutiérrez Jarquín, Yeral de Jesús | |
| 100 | 1 | |c Hurtado Mendoza, Nelson David | |
| 245 | 1 | 0 | |a Diseño de un pozo para suministro de agua potable en el Municipio de Nandaime departamento de Granada |
| 260 | |a Managua |b UNI-IES |c 2016 | ||
| 300 | |a 140 p. :il. | ||
| 500 | |a Contiene: anexos y CD. | ||
| 502 | |a Tesis (Ingeniero Civil)- UNI, 2016. | ||
| 520 | 3 | |a Presenta un diseño de un pozo para suministro de agua potable en el municipio de Nandaime departamento de Granada. El objetivo del proyecto es ampliar la cobertura del servicio del agua potable ya que actualmente el 60 % recibe el servicio al día con este diseño de pozo, se pretende brindar una solución técnica para el plazo de 20 años de prestación del servicio. | |
| 650 | 7 | |a AGUA POTABLE | |
| 650 | 7 | |b POZO-DISEÑO | |
| 650 | 7 | |c SUMINISTRO DE AGUA | |
| 650 | 7 | |d ABASTECIMIENTO DE AGUA | |
| 700 | 1 | |a Tutor: |b Chamorro Blandón, Francisco Efraín | |
| 942 | |c BK |2 ddc | ||
| 991 | |a TESIS | ||
| 999 | |c 16584 | ||